The Barg's Self-Referential Logic Puzzle - Easy - Statistics

General Stats
  • This quiz has been taken 227 times
  • The average score is 4 of 5
Answer Stats
Question Answer % Correct
How many of [A], [B], [C], and [D] are nonzero? (D) 3
90%
[C] = ? (A) 0
82%
[D] = ? (D) 2
78%
[B] = ? (A) 1
75%
[A] = ? (B) 2
67%
No matching quizzes found
Score Distribution
Percent of People with Each Score
Percentile by Number Answered
Your Score History
You have not taken this quiz